| 000 | 00768nam a2200217Ia 4500 | ||
|---|---|---|---|
| 001 | 3037 | ||
| 003 | GE_BSU | ||
| 008 | 181216s||||||||xx |||||||||||||| ||und|| | ||
| 040 | _cGE_BSU | ||
| 080 | _a665.63(075.8) | ||
| 100 | _aТанатанов,М.А. Ахметшина,М.Н. Фасхутдинов,Р.А. | ||
| 245 | _aТехнологические расчеты установок переработки нефти. | ||
| 245 | _bУчебное пособие для вузов. | ||
| 245 | _cРед. И.А.Захарьянц. | ||
| 260 | _aМ. | ||
| 260 | _bХимия. | ||
| 260 | _c1987. | ||
| 300 | _a352 стр. 22 см. | ||
| 653 | _aТехнологические расчеты установок переработки нефти. | ||
| 942 | _cBK | ||
| 999 |
_c37081 _d37081 |
||